| 000 | 00870nam a22002055i 4500 | ||
|---|---|---|---|
| 001 | 156852 | ||
| 003 | ES-MaACL | ||
| 005 | 20250808072355.0 | ||
| 008 | 991125s1875 fr af |||| | fre d | ||
| 040 |
_aCCPB | B _bspa _cCCPB | B |
||
| 100 | 1 |
_aLacroix, Paul ( _d1806-1884) _969408 |
|
| 245 | 1 | 0 |
_aXVIIIme siècle: institutions, usages et costumes _b: France 1700-1789 / _cPaul Lacroix ; ouvrage illustré de 21 chromolithographies et de 350 gravures sur bois d'aprés Watteau ... [et al.]. |
| 250 | _a2ème éd. | ||
| 260 |
_aParis : _bLibrairie de Firmin-Didot, _c1875. |
||
| 300 |
_a520 p., [28] h. de grab. : _bil. ; _c29 cm. |
||
| 651 | 7 |
_aFrancia- _xUsos y costumbres _2 _9137186 |
|
| 651 | 4 |
_aFrancia- _xHistoria- _y1715-1792 _98702 |
|
| 852 |
_aES-MaACL _jG-8121 _z-- Enc. editorial hol. grab. con hierros y cortes dorados |
||
| 999 |
_c156852 _d156852 |
||